000 00797nab a2200241 u 4500
001 10941
003 HDC
007 cr bn ---aaaaa
008 210206c mydr|nes 0 a may d
040 _aHDC
245 0 _aKomisi Fatma MUI Tetapkan Kehalalan Tanduk untuk Bahan Pangan
260 _a[no place] :
_b[publisher not identified],
_c[no year]
336 _atext
_2rdacontent
337 _acomputer
_2rdamedia
338 _aonline resource
_2rdacarrier
650 _aHalal certificate
_9482
650 _aHalal industry
_9144
710 _aDetik.com
856 _zRequest full-text at [email protected]
942 _2lcc
942 _cNEWS
942 _kNWSO 000275
999 _c8264
_d8264